| 000 | 00907nam0a22002171i 4500 | ||
|---|---|---|---|
| 001 | rc\331600 | ||
| 005 | 20240726104625.0 | ||
| 035 | _a(NLR Aleph) 005566991 | ||
| 090 |
_a5971579 _c5971579 |
||
| 100 | _a20030307d1989 u |0rusy50 ca | ||
| 101 | 0 | _arus | |
| 102 | _aRU | ||
| 105 | _ay ||||||||| | ||
| 200 | 1 |
_aАлгоритмы проектирования организационных структур автоматизированных систем управления _e(На примере высшего учебного заведения МНР) _eАвтореф. дис. на соиск. учен. степ. к. т. н. _fМоск. ин-т инженеров гражданской авиации |
|
| 210 |
_aМ. _d1989 |
||
| 215 | _a19 с. | ||
| 700 | 1 |
_aДэндэвийн _bБ. _gБадарч |
|
| 801 | 0 |
_aRU _bNLR _gpsbo |
|
| 801 | 1 |
_aRU _bELAR _2rusmarc |
|
| 852 |
_aNLR _j91-4/12024 |
||
| 942 | _cBOOK | ||